00449nam a22001217a 450000500170000000800410001704000180005810000180007624501350009426000480022930000260027765000240030320250303132949.0250303b |||||||| |||| 00| 0 eng d aKMUcKMUdKMU aMalama, Moses aAn Investigation into Fish Diseases Prevalence in Fish Culture Faciiities of Chinsali District in Muchinga Province/cMoses Malama aChinsali:bKapasa Makasa University,c2021. av, 19p.:bill;c30 cm aFisheries and Aquac